| 000 | 02099nam0a2200397 4500 | ||
|---|---|---|---|
| 001 | RU\NLR\BIBL_A\022043422 | ||
| 005 | 20231114114921.0 | ||
| 010 |
_a978-5-209-11738-4 _9300 |
||
| 021 |
_aRU _bКН-П-23-055923 _9КН-П-23-5623 |
||
| 035 | _a(NLR Aleph) 022043422 | ||
| 035 | _a(RuMoRGB)012076541 | ||
| 090 |
_a12576395 _c12576395 |
||
| 100 | _a20231006d2023 u y0rusy50 ca | ||
| 101 | 0 | _arus | |
| 102 | _aRU | ||
| 105 | _aa j 000zy | ||
| 181 | 0 |
_ai _baxxe |
|
| 182 | 0 | _an | |
| 200 | 1 |
_aХоккей для начинающих _eучебное пособие _fА. В. Поснов, Е. А. Милашечкина, Д. А. Потапов, А. С. Федосеев |
|
| 203 |
_aТекст _bвизуальный _cнепосредственный |
||
| 210 |
_aМосква _cРоссийский университет дружбы народов им. Патриса Лумумбы _d2023 |
||
| 215 |
_a116, [1] с. _cил. _d20 |
||
| 300 | _aАвт. указаны на обороте тит.с. | ||
| 300 | _aНа 4-й с. обл. авт.: Поснов А. В. - преп., мастер спорта РФ по хоккею, Милашечкина Е. А. - доц., канд. биол. наук, Потапов Д. А. - ст. преп., Федосеев А. С. - преп., мастер спорта РФ по хоккею | ||
| 320 | _aБиблиогр. в конце кн. (40 назв.) | ||
| 606 | 1 |
_aХоккей с шайбой _jУчебные издания для высших учебных заведений _2nlr_sh1 _2nlr_sh2 _3RU\NLR\AUTH\661154434 |
|
| 675 |
_a796.966(075.8) _v4 |
||
| 686 | 1 | _aЧ515.795я73 | |
| 700 | 1 |
_aПоснов _bА. В. _gАндрей Валерьевич |
|
| 701 | 1 |
_aМилашечкина _bЕ. А. _gЕлена Анатольевна |
|
| 701 | 1 |
_aПотапов _bД. А. _gДмитрий Александрович |
|
| 701 | 1 |
_aФедосеев _bА. С. _gАлександр Сергеевич |
|
| 942 | _cBOOK | ||
| 980 | _aNB | ||